[Event "Tradewise Gibraltar Masters 16th"]
[Site "Gibraltar"]
[Date "2018.01.31"]
[Round "9.131"]
[White "Edvardsen, Ragnar"]
[Black "Yilmaz, Kazim"]
[Result "0-1"]
[WhiteElo "1968"]
[BlackElo "1656"]
[PlyCount "114"]
[EventDate "2018.01.23"]
[EventType "swiss"]
[EventRounds "10"]
[EventCountry "GGB"]
[SourceTitle "BritBase"]
[Source "www.saund.co.uk"]
[SourceDate "2018.02.10"]
[SourceVersion "1"]
[SourceVersionDate "2018.02.10"]
[SourceQuality "1"]

1. d4 d5 2. Nf3 Nf6 3. e3 e6 4. Bd3 Bd6 5. O-O O-O 6. b3 b6 7. Bb2 Bb7 8. Ne5
Nbd7 9. Qe2 Qe7 10. f3 c5 11. Nd2 cxd4 12. exd4 Rfc8 13. Rae1 Bxe5 14. dxe5 Ne8
15. f4 g6 16. Nf3 Nc5 17. Bd4 Nxd3 18. Qxd3 a5 19. c4 dxc4 20. bxc4 Ba6 21. Rc1
Qb4 22. Nd2 b5 23. c5 Rd8 24. Nf3 Qa4 25. Rf2 b4 26. Qb3 Qc6 27. Be3 Rd3 28.
Qc2 Rxe3 29. h4 Rc3 30. Qb2 Qxc5 31. Rxc3 Qxc3 32. Qb1 Rc8 33. Qe4 Bd3 34. Qb7
Qc6 35. Qa7 Qc7 36. Qd4 Rd8 37. Qe3 Bf5 38. Nd4 Qc3 39. Nxf5 exf5 40. Qb6 Rd1+
41. Kh2 Qd4 42. Qxd4 Rxd4 43. g3 a4 44. Kg2 b3 45. axb3 axb3 46. Rb2 Rb4 47.
Kf2 Nc7 48. Ke2 Ne6 49. Kd2 h6 50. Kc3 Rb8 51. Rxb3 Rxb3+ 52. Kxb3 Nc5+ 53. Kc4
Ne4 54. Kd5 Nxg3 55. e6 fxe6+ 56. Kxe6 Kg7 57. Ke5 Nh5 0-1

[Event "Tradewise Gibraltar Masters 16th"]
[Site "Gibraltar"]
[Date "2018.01.31"]
[Round "9.132"]
[White "Helin, Mikael"]
[Black "Francois-Haugrin, Said"]
[Result "1-0"]
[WhiteElo "1962"]
[BlackElo "1714"]
[PlyCount "67"]
[EventDate "2018.01.23"]
[EventType "swiss"]
[EventRounds "10"]
[EventCountry "GGB"]
[SourceTitle "BritBase"]
[Source "www.saund.co.uk"]
[SourceDate "2018.02.10"]
[SourceVersion "1"]
[SourceVersionDate "2018.02.10"]
[SourceQuality "1"]

1. e4 c5 2. a3 Nc6 3. Nc3 g6 4. g3 Bg7 5. Bg2 d6 6. d3 Nf6 7. h3 O-O 8. Nge2 a6
9. O-O b5 10. e5 Nxe5 11. Bxa8 Bxh3 12. Bg2 Qd7 13. f3 d5 14. Nf4 Bxg2 15. Kxg2
Nc6 16. Rh1 e5 17. Nfe2 Re8 18. Bg5 d4 19. Ne4 Nxe4 20. dxe4 c4 21. Nc3 f5 22.
Nd5 Rf8 23. Qe2 Nd8 24. Ne7+ Kf7 25. exf5 gxf5 26. f4 e4 27. Rxh7 e3 28. Qh5+
Ke6 29. Rxg7 Qb7+ 30. Kh2 Qe4 31. Qg6+ Kd7 32. Nxf5+ Nf7 33. Qd6+ Kc8 34. Qxf8+
1-0

[Event "Tradewise Gibraltar Masters 16th"]
[Site "Gibraltar"]
[Date "2018.01.31"]
[Round "9.133"]
[White "Klementys, Jerzy"]
[Black "Bullock, Lee"]
[Result "1-0"]
[WhiteElo "1739"]
[BlackElo "1572"]
[PlyCount "71"]
[EventDate "2018.01.23"]
[EventType "swiss"]
[EventRounds "10"]
[EventCountry "GGB"]
[SourceTitle "BritBase"]
[Source "www.saund.co.uk"]
[SourceDate "2018.02.10"]
[SourceVersion "1"]
[SourceVersionDate "2018.02.10"]
[SourceQuality "1"]

1. d4 d6 2. Nf3 Nd7 3. c4 e5 4. dxe5 dxe5 5. e4 h6 6. Nc3 c6 7. Be2 Ngf6 8. O-O
Be7 9. Qc2 Qc7 10. a3 Nf8 11. b4 g5 12. Bb2 Ng6 13. c5 Nf4 14. Bc4 Be6 15. Nxe5
Qxe5 16. Nd5 Qb8 17. Nxf6+ Bxf6 18. Bxf6 Rg8 19. Rfd1 Qc7 20. Rd6 Rg6 21. e5
Nd5 22. Bd3 Rg8 23. Bh7 Nxf6 24. exf6 Rh8 25. Rad1 Kf8 26. R1d4 Re8 27. h3 Bd5
28. Be4 Bxe4 29. Rxe4 h5 30. Rxe8+ Kxe8 31. Qe4+ Kf8 32. Qf5 Rg8 33. Rd7 Qc8
34. Qd3 Ke8 35. Re7+ Kf8 36. Qh7 1-0

[Event "Tradewise Gibraltar Masters 16th"]
[Site "Gibraltar"]
[Date "2018.02.01"]
[Round "10.2"]
[White "Vachier-Lagrave, Maxime"]
[Black "Rapport, Richard"]
[Result "1/2-1/2"]
[WhiteElo "2793"]
[BlackElo "2700"]
[PlyCount "60"]
[EventDate "2018.01.23"]
[EventType "swiss"]
[EventRounds "10"]
[EventCountry "GGB"]
[SourceTitle "BritBase"]
[Source "www.saund.co.uk"]
[SourceDate "2018.02.10"]
[SourceVersion "1"]
[SourceVersionDate "2018.02.10"]
[SourceQuality "1"]

1. e4 c6 2. Nf3 d5 3. Nc3 dxe4 4. Nxe4 Nf6 5. Qe2 Na6 6. d4 Qd5 7. Nc3 Qa5 8.
Qe5 Qxe5+ 9. dxe5 Nb4 10. Bd3 Nxd3+ 11. cxd3 Nd7 12. Be3 Nb6 13. Ke2 Be6 14.
Nd4 Bd5 15. Nxd5 Nxd5 16. e6 g6 17. exf7+ Kxf7 18. Nf3 Bg7 19. Ng5+ Ke8 20.
Rab1 a5 21. Ne4 b6 22. Rhc1 Kd7 23. Nc3 a4 24. Nxd5 cxd5 25. d4 Rhc8 26. Kd3 e6
27. Rxc8 Rxc8 28. Rc1 Rxc1 29. Bxc1 Kc6 30. b3 axb3 1/2-1/2

[Event "Tradewise Gibraltar Masters 16th"]
[Site "Gibraltar"]
[Date "2018.02.01"]
[Round "10.3"]
[White "Le, Quang Liem"]
[Black "Dubov, Daniil"]
[Result "1-0"]
[WhiteElo "2737"]
[BlackElo "2694"]
[PlyCount "109"]
[EventDate "2018.01.23"]
[EventType "swiss"]
[EventRounds "10"]
[EventCountry "GGB"]
[SourceTitle "BritBase"]
[Source "www.saund.co.uk"]
[SourceDate "2018.02.10"]
[SourceVersion "1"]
[SourceVersionDate "2018.02.10"]
[SourceQuality "1"]

1. e4 c5 2. Nf3 Nc6 3. Bb5 g6 4. O-O Bg7 5. Nc3 e5 6. d3 Nge7 7. Bc4 O-O 8. a3
d6 9. h3 h6 10. b4 Kh7 11. bxc5 dxc5 12. Rb1 b6 13. Nd5 Be6 14. Nxe7 Qxe7 15.
Bd5 Qd6 16. c4 Rab8 17. Bb2 Bd7 18. Bc3 Ne7 19. Qd2 g5 20. Rfe1 Ng6 21. Nh2 Nf4
22. Re3 h5 23. Qd1 Qg6 24. Rg3 f6 25. Bd2 Bh6 26. a4 Qe8 27. Ra1 a5 28. Nf1 Rd8
29. Ra3 Bc8 30. Ne3 Rd6 31. Rf3 Bd7 32. g4 Rh8 33. Rg3 Bf8 34. Nf5 Bxf5 35.
gxf5 h4 36. Re3 Qh5 37. Qxh5+ Nxh5 38. Rb3 Be7 39. Re1 Rc8 40. Kg2 Bd8 41. Kf3
Kh6 42. Reb1 Bc7 43. Rb5 Bd8 44. Kg4 Bc7 45. d4 exd4 46. e5 Rdd8 47. Rxb6 Bxb6
48. Rxb6 Nf4 49. Rxf6+ Kg7 50. Bxf4 gxf4 51. Kxf4 d3 52. Ke3 Rb8 53. Rg6+ Kh7
54. e6 Rg8 55. Rxg8 1-0

[Event "Tradewise Gibraltar Masters 16th"]
[Site "Gibraltar"]
[Date "2018.02.01"]
[Round "10.4"]
[White "Vitiugov, Nikita"]
[Black "Antipov, Mikhail Al"]
[Result "1-0"]
[WhiteElo "2732"]
[BlackElo "2588"]
[PlyCount "81"]
[EventDate "2018.01.23"]
[EventType "swiss"]
[EventRounds "10"]
[EventCountry "GGB"]
[SourceTitle "BritBase"]
[Source "www.saund.co.uk"]
[SourceDate "2018.02.10"]
[SourceVersion "1"]
[SourceVersionDate "2018.02.10"]
[SourceQuality "1"]

1. d4 Nf6 2. c4 c6 3. Nf3 d5 4. Nc3 a6 5. e3 Bf5 6. Qb3 Ra7 7. Nh4 Bc8 8. Qc2
e6 9. Nf3 Bd6 10. b3 b5 11. Be2 bxc4 12. bxc4 c5 13. dxc5 Bxc5 14. cxd5 exd5
15. O-O Rc7 16. Bb2 O-O 17. Rac1 h6 18. Na4 Bd6 19. Qb3 Rb7 20. Bxf6 Qxf6 21.
Qxd5 Rb4 22. Nc5 Qe7 23. Nb3 Bb7 24. Qd2 Nc6 25. Bxa6 Ba8 26. Bc4 Rd8 27. Qe2
Ne5 28. Nxe5 Bxe5 29. Rfd1 Rb6 30. Rxd8+ Qxd8 31. Qh5 Qf6 32. Bxf7+ Kh7 33.
Bg8+ Kh8 34. Bc4 Rb8 35. Be2 Be4 36. Qg4 Rf8 37. Bf3 Bf5 38. Qb4 Rd8 39. Qa5
Bg6 40. Rc6 Qg5 41. Rxg6 1-0

[Event "Tradewise Gibraltar Masters 16th"]
[Site "Gibraltar"]
[Date "2018.02.01"]
[Round "10.5"]
[White "Gupta, Abhijeet"]
[Black "Duda, Jan-Krzysztof"]
[Result "1/2-1/2"]
[WhiteElo "2610"]
[BlackElo "2724"]
[PlyCount "60"]
[EventDate "2018.01.23"]
[EventType "swiss"]
[EventRounds "10"]
[EventCountry "GGB"]
[SourceTitle "BritBase"]
[Source "www.saund.co.uk"]
[SourceDate "2018.02.10"]
[SourceVersion "1"]
[SourceVersionDate "2018.02.10"]
[SourceQuality "1"]

1. d4 Nf6 2. c4 e6 3. Nc3 Bb4 4. e3 O-O 5. Nge2 Re8 6. a3 Bf8 7. Ng3 d5 8. Be2
b6 9. O-O Ba6 10. b3 Nc6 11. cxd5 Bxe2 12. Ncxe2 exd5 13. Qc2 Qd7 14. Bd2 Bd6
15. Rfc1 Ne7 16. Bb4 Rac8 17. Bxd6 cxd6 18. Qd3 g6 19. Nc3 Rc6 20. Nge2 Rec8
21. h3 h5 22. a4 Kg7 23. Nb5 h4 24. Rxc6 Nxc6 25. Rc1 Ne4 26. Qd1 a6 27. Nbc3
Nb4 28. f3 Nxc3 29. Rxc3 Rxc3 30. Nxc3 Qf5 1/2-1/2

[Event "Tradewise Gibraltar Masters 16th"]
[Site "Gibraltar"]
[Date "2018.02.01"]
[Round "10.8"]
[White "Cheparinov, Ivan"]
[Black "Vocaturo, Daniele"]
[Result "1/2-1/2"]
[WhiteElo "2699"]
[BlackElo "2609"]
[PlyCount "121"]
[EventDate "2018.01.23"]
[EventType "swiss"]
[EventRounds "10"]
[EventCountry "GGB"]
[SourceTitle "BritBase"]
[Source "www.saund.co.uk"]
[SourceDate "2018.02.10"]
[SourceVersion "1"]
[SourceVersionDate "2018.02.10"]
[SourceQuality "1"]

1. e4 e5 2. Nf3 Nc6 3. d4 exd4 4. Nxd4 Nf6 5. Nxc6 bxc6 6. e5 Qe7 7. Qe2 Nd5 8.
c4 Ba6 9. Nd2 g6 10. Nf3 Qb4+ 11. Kd1 Nb6 12. b3 Bg7 13. Qd2 Qxd2+ 14. Bxd2 Bb7
15. Bd3 c5 16. Re1 O-O 17. Kc2 Rae8 18. Bc3 d6 19. exd6 cxd6 20. Rad1 Bxf3 21.
gxf3 f5 22. Bd2 Kf7 23. Rxe8 Rxe8 24. Be3 Be5 25. f4 Bf6 26. Bf1 Ke7 27. a3 Rc8
28. Bg2 Rc7 29. Bf3 Ke6 30. h3 Ke7 31. Re1 Kf7 32. Rd1 Ke7 33. Bg2 Ke6 34. Re1
Kf7 35. Rd1 Ke7 36. Bh1 Ke6 37. Re1 Kf7 38. Rd1 Ke6 39. Rd2 Ke7 40. Bf3 Ke6 41.
Re2 Kf7 42. Re1 Kf8 43. Bg2 Bg7 44. Re2 Bf6 45. Kd3 Bg7 46. Bf3 Bf6 47. Rc2 Bg7
48. Rd2 Ke7 49. Rd1 Bf6 50. Re1 Kd8 51. Re2 Kd7 52. Bd2 Rc8 53. Bb7 Rb8 54. Ba6
d5 55. Bb5+ Kd6 56. a4 dxc4+ 57. Bxc4 Nd5 58. Kc2 Bd4 59. Bxd5 Kxd5 60. Re7
Bxf2 61. Rd7+ 1/2-1/2

[Event "Tradewise Gibraltar Masters 16th"]
[Site "Gibraltar"]
[Date "2018.02.01"]
[Round "10.9"]
[White "Oparin, Grigoriy"]
[Black "Gelfand, Boris"]
[Result "1/2-1/2"]
[WhiteElo "2607"]
[BlackElo "2697"]
[PlyCount "60"]
[EventDate "2018.01.23"]
[EventType "swiss"]
[EventRounds "10"]
[EventCountry "GGB"]
[SourceTitle "BritBase"]
[Source "www.saund.co.uk"]
[SourceDate "2018.02.10"]
[SourceVersion "1"]
[SourceVersionDate "2018.02.10"]
[SourceQuality "1"]

1. e4 c5 2. Nf3 Nc6 3. Bb5 e6 4. O-O Nge7 5. d4 cxd4 6. Nxd4 Ng6 7. Be2 Be7 8.
c4 O-O 9. Nc3 Nxd4 10. Qxd4 b6 11. Be3 Bf6 12. Qd2 Bb7 13. f3 Qe7 14. Rad1 Rad8
15. Qd6 Qxd6 16. Rxd6 Be5 17. Rd2 Nf4 18. Rc1 d5 19. cxd5 exd5 20. exd5 Bxc3
21. Rxc3 Nxe2+ 22. Rxe2 Bxd5 23. a4 Rc8 24. Rec2 Rxc3 25. Rxc3 f6 26. Rc7 Rf7
27. Rc8+ Rf8 28. Rc7 Rf7 29. Rc8+ Rf8 30. Rc7 Rf7 1/2-1/2

[Event "Tradewise Gibraltar Masters 16th"]
[Site "Gibraltar"]
[Date "2018.02.01"]
[Round "10.10"]
[White "Kobo, Ori"]
[Black "Ivanchuk, Vassily"]
[Result "1/2-1/2"]
[WhiteElo "2477"]
[BlackElo "2726"]
[PlyCount "60"]
[EventDate "2018.01.23"]
[EventType "swiss"]
[EventRounds "10"]
[EventCountry "GGB"]
[SourceTitle "BritBase"]
[Source "www.saund.co.uk"]
[SourceDate "2018.02.10"]
[SourceVersion "1"]
[SourceVersionDate "2018.02.10"]
[SourceQuality "1"]

1. Nf3 Nf6 2. c4 c5 3. d4 cxd4 4. Nxd4 e6 5. Nc3 a6 6. e4 Bb4 7. Qd3 d6 8. Nc2
Ba5 9. b4 Bc7 10. Be2 O-O 11. O-O Qe7 12. Be3 b6 13. f4 Bb7 14. Bf3 Rd8 15.
Rad1 Nc6 16. a3 Nd7 17. Kh1 Rac8 18. Bc1 Qe8 19. Ne3 Ne7 20. g3 Nf6 21. Bb2 Ng6
22. Rfe1 Nf8 23. Bg2 N8d7 24. Kg1 Ba8 25. g4 h6 26. h4 d5 27. e5 d4 28. exf6
Bxg2 29. Nxg2 dxc3 30. Qxc3 Nxf6 1/2-1/2

[Event "Tradewise Gibraltar Masters 16th"]
[Site "Gibraltar"]
[Date "2018.02.01"]
[Round "10.11"]
[White "Deac, Bogdan-Daniel"]
[Black "Navara, David"]
[Result "1/2-1/2"]
[WhiteElo "2549"]
[BlackElo "2749"]
[PlyCount "62"]
[EventDate "2018.01.23"]
[EventType "swiss"]
[EventRounds "10"]
[EventCountry "GGB"]
[SourceTitle "BritBase"]
[Source "www.saund.co.uk"]
[SourceDate "2018.02.10"]
[SourceVersion "1"]
[SourceVersionDate "2018.02.10"]
[SourceQuality "1"]

1. Nf3 c5 2. c4 Nc6 3. d4 cxd4 4. Nxd4 Nf6 5. Nc3 e6 6. a3 Be7 7. e4 O-O 8. Be2
d5 9. exd5 exd5 10. Be3 Nxd4 11. Bxd4 dxc4 12. Bxc4 Qc7 13. Qb3 b6 14. Nd5 Nxd5
15. Bxd5 Bb7 16. Bxb7 Qxb7 17. O-O Rad8 18. Rad1 Qd5 19. Qxd5 Rxd5 20. Bc3 Rfd8
21. Rxd5 Rxd5 22. Re1 Kf8 23. Kf1 f6 24. a4 Kf7 25. Re4 a6 26. Rc4 Ke6 27. Rc6+
Rd6 28. Rc7 Rd7 29. Rc6+ Rd6 30. Rc7 Rd7 31. Rc6+ Rd6 1/2-1/2

[Event "Tradewise Gibraltar Masters 16th"]
[Site "Gibraltar"]
[Date "2018.02.01"]
[Round "10.12"]
[White "Motylev, Alexander"]
[Black "Peralta, Fernando"]
[Result "1-0"]
[WhiteElo "2673"]
[BlackElo "2559"]
[PlyCount "59"]
[EventDate "2018.01.23"]
[EventType "swiss"]
[EventRounds "10"]
[EventCountry "GGB"]
[SourceTitle "BritBase"]
[Source "www.saund.co.uk"]
[SourceDate "2018.02.10"]
[SourceVersion "1"]
[SourceVersionDate "2018.02.10"]
[SourceQuality "1"]

1. e4 c6 2. d4 d5 3. e5 Bf5 4. Nf3 e6 5. Be2 Ne7 6. O-O h6 7. c3 Nd7 8. a4 Bh7
9. a5 Bxb1 10. Rxb1 Qxa5 11. b4 Qd8 12. Bd3 Nb6 13. h4 Nc4 14. h5 b5 15. Nh4 a5
16. bxa5 Qxa5 17. Rb3 Nc8 18. Qg4 Qa2 19. Rb1 Qa5 20. Bg6 Be7 21. Bxf7+ Kxf7
22. Ng6 Re8 23. f4 Qa2 24. Rb2 Nxb2 25. f5 Rg8 26. f6 gxf6 27. exf6 Bxf6 28.
Ne5+ Ke7 29. Qxg8 Nb6 30. Qf7+ 1-0

[Event "Tradewise Gibraltar Masters 16th"]
[Site "Gibraltar"]
[Date "2018.02.01"]
[Round "10.13"]
[White "Sutovsky, Emil"]
[Black "Pichot, Alan"]
[Result "1-0"]
[WhiteElo "2673"]
[BlackElo "2552"]
[PlyCount "87"]
[EventDate "2018.01.23"]
[EventType "swiss"]
[EventRounds "10"]
[EventCountry "GGB"]
[SourceTitle "BritBase"]
[Source "www.saund.co.uk"]
[SourceDate "2018.02.10"]
[SourceVersion "1"]
[SourceVersionDate "2018.02.10"]
[SourceQuality "1"]

1. e4 c5 2. Nf3 e6 3. d4 cxd4 4. Nxd4 Nc6 5. Nc3 Qc7 6. f4 a6 7. Nxc6 bxc6 8.
Bd3 d5 9. O-O Nf6 10. Qe2 Be7 11. Bd2 O-O 12. Rae1 Re8 13. Kh1 Bf8 14. e5 Nd7
15. Na4 g6 16. c4 Nc5 17. Nxc5 Bxc5 18. Rc1 Bf8 19. cxd5 exd5 20. Qf3 c5 21. b4
c4 22. Bxc4 dxc4 23. Qxa8 Rd8 24. Be3 Bb7 25. Qa7 Qc6 26. Rg1 Qc8 27. f5 Rd7
28. Qb6 Rd3 29. Bc5 Bh6 30. Rcf1 Bd5 31. e6 fxe6 32. fxe6 Bxe6 33. Rf6 Bd5 34.
Rd6 Bf8 35. Qxa6 Qxa6 36. Rxa6 Bg7 37. Rd6 h5 38. b5 Be5 39. Rxg6+ Kf7 40. Rg5
Kf6 41. Rxh5 c3 42. Rf1+ Ke6 43. Rh6+ Kd7 44. Rh7+ 1-0

[Event "Tradewise Gibraltar Masters 16th"]
[Site "Gibraltar"]
[Date "2018.02.01"]
[Round "10.14"]
[White "Cramling, Pia"]
[Black "Akobian, Varuzhan"]
[Result "1/2-1/2"]
[WhiteElo "2449"]
[BlackElo "2647"]
[PlyCount "118"]
[EventDate "2018.01.23"]
[EventType "swiss"]
[EventRounds "10"]
[EventCountry "GGB"]
[SourceTitle "BritBase"]
[Source "www.saund.co.uk"]
[SourceDate "2018.02.10"]
[SourceVersion "1"]
[SourceVersionDate "2018.02.10"]
[SourceQuality "1"]

1. d4 Nf6 2. Nf3 b6 3. g3 Bb7 4. Bg2 c5 5. c4 cxd4 6. Qxd4 Nc6 7. Qf4 g6 8. O-O
Bg7 9. Nc3 O-O 10. Qh4 Na5 11. Bd2 Rc8 12. b3 Rc5 13. g4 Qa8 14. Rad1 d6 15.
Be3 Nxg4 16. Bxc5 bxc5 17. Nd5 Bxd5 18. Ng5 Nf6 19. Bxd5 Nc6 20. Bg2 Qc8 21. e3
Rd8 22. Ne4 Qa6 23. Rd2 Nxe4 24. Qxe4 Rc8 25. Rfd1 Bc3 26. Rd3 Be5 27. f4 Bf6
28. R3d2 Kg7 29. Bf3 Rc7 30. Kg2 Nb4 31. Qb1 Rc8 32. Rh1 Bc3 33. Rf2 e6 34. Rd1
Rd8 35. Qc1 Bf6 36. a3 Nc6 37. Rfd2 Ne7 38. Rd3 Nf5 39. Kg1 Qa5 40. Be4 Qb6 41.
Bxf5 gxf5 42. R1d2 Kf8 43. Qd1 Ke7 44. Qf3 a5 45. a4 Qc7 46. Kf1 h6 47. Kg1 Ke8
48. Rg2 Kd7 49. Rgd2 Rg8+ 50. Kf1 Be7 51. Rg2 Rxg2 52. Kxg2 Qb8 53. Kf1 Kc7 54.
Qg2 h5 55. Qg7 Qa8 56. Qg2 Qh8 57. Qd2 Qa8 58. Qg2 Qh8 59. Qd2 Qa8 1/2-1/2

[Event "Tradewise Gibraltar Masters 16th"]
[Site "Gibraltar"]
[Date "2018.02.01"]
[Round "10.15"]
[White "Sethuraman, SP."]
[Black "Perez Ponsa, Federico"]
[Result "1-0"]
[WhiteElo "2646"]
[BlackElo "2553"]
[PlyCount "79"]
[EventDate "2018.01.23"]
[EventType "swiss"]
[EventRounds "10"]
[EventCountry "GGB"]
[SourceTitle "BritBase"]
[Source "www.saund.co.uk"]
[SourceDate "2018.02.10"]
[SourceVersion "1"]
[SourceVersionDate "2018.02.10"]
[SourceQuality "1"]

1. Nf3 d5 2. d4 Nf6 3. c4 e6 4. g3 dxc4 5. Bg2 a6 6. O-O Nc6 7. e3 Bd7 8. Qe2
Bd6 9. Nfd2 b5 10. b3 cxb3 11. Nxb3 O-O 12. Bb2 Qe8 13. Rc1 Rd8 14. N1d2 Nd5
15. Nc5 Bc8 16. h4 Nce7 17. e4 Nb6 18. Nd3 c6 19. Rab1 a5 20. Bc3 b4 21. Ba1
Ba6 22. Nb3 Ra8 23. Nbc5 Bb5 24. Re1 Bxc5 25. dxc5 Nd7 26. Qc2 Rd8 27. Rbd1 Nf6
28. Nf4 Ng6 29. Bxf6 Rxd1 30. Rxd1 Nxf4 31. Be5 Ne2+ 32. Kh2 Nc3 33. Bxc3 bxc3
34. a4 Ba6 35. Qxc3 Qa8 36. e5 Rc8 37. Qxa5 h6 38. Rd7 Bc4 39. Qxa8 Rxa8 40.
Bxc6 1-0

[Event "Tradewise Gibraltar Masters 16th"]
[Site "Gibraltar"]
[Date "2018.02.01"]
[Round "10.16"]
[White "Bindrich, Falko"]
[Black "Batsiashvili, Nino"]
[Result "1-0"]
[WhiteElo "2605"]
[BlackElo "2504"]
[PlyCount "171"]
[EventDate "2018.01.23"]
[EventType "swiss"]
[EventRounds "10"]
[EventCountry "GGB"]
[SourceTitle "BritBase"]
[Source "www.saund.co.uk"]
[SourceDate "2018.02.10"]
[SourceVersion "1"]
[SourceVersionDate "2018.02.10"]
[SourceQuality "1"]

1. Nf3 d5 2. g3 Nf6 3. Bg2 c5 4. O-O Nc6 5. d4 cxd4 6. Nxd4 e5 7. Nb3 Be6 8.
Bg5 Be7 9. Nc3 d4 10. Na4 Bd5 11. Bxf6 Bxf6 12. Bxd5 Qxd5 13. Nc3 Qd8 14. Ne4
Be7 15. c3 f5 16. Nec5 dxc3 17. Nxb7 Qxd1 18. Rfxd1 cxb2 19. Rab1 Rb8 20. Nd6+
Bxd6 21. Rxd6 Rb6 22. Rxb2 Ke7 23. Rd5 Rd8 24. Rc5 Ke6 25. Kg2 Nd4 26. Ra5 Nxb3
27. Rxa7 Kf6 28. Rxb3 Rxb3 29. axb3 Rb8 30. Ra6+ Kf7 31. Ra3 g5 32. h3 h5 33.
e3 Rb4 34. Kf1 f4 35. Ke2 Kf6 36. Kd3 fxg3 37. fxg3 g4 38. h4 Kf5 39. Kc3 Re4
40. Kd2 Rb4 41. Kd3 Rb6 42. e4+ Ke6 43. Kc4 Rc6+ 44. Kb4 Rd6 45. Kc5 Rd3 46.
Ra6+ Kd7 47. b4 Rxg3 48. Rh6 Rc3+ 49. Kd5 Rb3 50. Rxh5 Rxb4 51. Rh7+ Ke8 52.
Rg7 Kf8 53. Rxg4 Kf7 54. Kxe5 Rb5+ 55. Kf4 Rh5 56. Kg3 Kf6 57. Rg8 Re5 58. Kf4
Rh5 59. Kg4 Re5 60. Rf8+ Kg6 61. Rf4 Re8 62. h5+ Kg7 63. Kf3 Ra8 64. Rf5 Ra3+
65. Kf4 Ra4 66. Re5 Ra1 67. Re6 Rf1+ 68. Ke5 Ra1 69. h6+ Kh7 70. Rf6 Ra5+ 71.
Kf4 Ra1 72. Kf5 Ra2 73. e5 Ra5 74. Kf4 Ra4+ 75. Kg5 Ra5 76. Rf7+ Kg8 77. Kg6
Ra6+ 78. Rf6 Ra7 79. e6 Rg7+ 80. Kf5 Ra7 81. Rg6+ Kf8 82. Rg7 Ra5+ 83. Kf6 Ra6
84. Rb7 Kg8 85. Rb8+ Kh7 86. Kf7 1-0

[Event "Tradewise Gibraltar Masters 16th"]
[Site "Gibraltar"]
[Date "2018.02.01"]
[Round "10.17"]
[White "Nihal, Sarin"]
[Black "Svane, Rasmus"]
[Result "1/2-1/2"]
[WhiteElo "2524"]
[BlackElo "2595"]
[PlyCount "63"]
[EventDate "2018.01.23"]
[EventType "swiss"]
[EventRounds "10"]
[EventCountry "GGB"]
[SourceTitle "BritBase"]
[Source "www.saund.co.uk"]
[SourceDate "2018.02.10"]
[SourceVersion "1"]
[SourceVersionDate "2018.02.10"]
[SourceQuality "1"]

1. c4 e6 2. Nc3 Nf6 3. d4 Bb4 4. Qc2 d5 5. cxd5 exd5 6. Bg5 h6 7. Bh4 g5 8. Bg3
Nc6 9. e3 h5 10. Bd3 Qe7 11. a3 Bxc3+ 12. Qxc3 h4 13. Be5 Nxe5 14. dxe5 Ne4 15.
Bxe4 dxe4 16. Ne2 Bg4 17. h3 Bxe2 18. Kxe2 O-O-O 19. Rhd1 g4 20. Rd6 gxh3 21.
gxh3 Kb8 22. Rxd8+ Rxd8 23. Rd1 Rxd1 24. Kxd1 c5 25. Qc4 Qxe5 26. Qxf7 Qxb2 27.
Qf8+ Kc7 28. Qxc5+ Kd7 29. Qd5+ Kc7 30. Qc5+ Kd7 31. Qd5+ Kc7 32. Qc5+ 1/2-1/2

[Event "Tradewise Gibraltar Masters 16th"]
[Site "Gibraltar"]
[Date "2018.02.01"]
[Round "10.18"]
[White "Buhmann, Rainer"]
[Black "Epishin, Vladimir"]
[Result "0-1"]
[WhiteElo "2587"]
[BlackElo "2536"]
[PlyCount "65"]
[EventDate "2018.01.23"]
[EventType "swiss"]
[EventRounds "10"]
[EventCountry "GGB"]
[SourceTitle "BritBase"]
[Source "www.saund.co.uk"]
[SourceDate "2018.02.10"]
[SourceVersion "1"]
[SourceVersionDate "2018.02.10"]
[SourceQuality "1"]

1. e4 c6 2. d4 d5 3. exd5 cxd5 4. Bd3 Nf6 5. c3 g6 6. Bf4 Bg7 7. Nf3 O-O 8.
Nbd2 Nc6 9. O-O Bf5 10. Bxf5 gxf5 11. Ne5 Rc8 12. Re1 Ne4 13. Nd3 e6 14. Re3 f6
15. Rh3 Qe8 16. f3 e5 17. Bh6 Ng5 18. Bxg5 fxg5 19. dxe5 Nxe5 20. f4 Nf7 21.
Qh5 h6 22. Re1 Qd8 23. fxg5 Nxg5 24. Rg3 Rc6 25. Kh1 d4 26. cxd4 f4 27. Rxg5
Qxg5 28. Qf3 Bxd4 29. Nb4 Rg6 30. Nd5 Be3 31. Ne4 Qe5 32. Nc5 Rg5 33. Rd1 0-1

[Event "Tradewise Gibraltar Masters 16th"]
[Site "Gibraltar"]
[Date "2018.02.01"]
[Round "10.19"]
[White "Debashis, Das"]
[Black "Sandipan, Chanda"]
[Result "1-0"]
[WhiteElo "2501"]
[BlackElo "2579"]
[PlyCount "98"]
[EventDate "2018.01.23"]
[EventType "swiss"]
[EventRounds "10"]
[EventCountry "GGB"]
[SourceTitle "BritBase"]
[Source "www.saund.co.uk"]
[SourceDate "2018.02.10"]
[SourceVersion "1"]
[SourceVersionDate "2018.02.10"]
[SourceQuality "1"]

1. d4 f5 2. c4 Nf6 3. Nf3 e6 4. g3 g6 5. Bg2 Bg7 6. O-O O-O 7. Nc3 d5 8. Bg5 c6
9. e3 Nbd7 10. Rc1 Qe8 11. Bf4 Ne4 12. Be5 Nxe5 13. Nxe5 Nxc3 14. Rxc3 Bxe5 15.
dxe5 b6 16. cxd5 cxd5 17. Qd4 Bb7 18. Rfc1 Rc8 19. Rxc8 Bxc8 20. Qb4 Qd7 21.
Bf1 Rd8 22. Bb5 Qf7 23. Qd6 Qf8 24. Qxf8+ Kxf8 25. Rc7 a6 26. Bc6 h6 27. Kf1 g5
28. Ke2 h5 29. Kd3 h4 30. gxh4 gxh4 31. b4 Kg8 32. h3 Kh8 33. a4 Rg8 34. Ke2
Rd8 35. Kf3 Rf8 36. Kf4 Rg8 37. a5 b5 38. Kf3 Rf8 39. Ke2 Rd8 40. Kd3 Rf8 41.
f4 Rd8 42. Kd4 Rg8 43. Kd3 Rd8 44. Re7 Kg8 45. Kd4 Kf8 46. Ra7 Kg8 47. Ra8 Rf8
48. Kc5 Kf7 49. Kd6 Rg8 1-0

[Event "Tradewise Gibraltar Masters 16th"]
[Site "Gibraltar"]
[Date "2018.02.01"]
[Round "10.20"]
[White "Tregubov, Pavel V"]
[Black "Swapnil, S. Dhopade"]
[Result "1/2-1/2"]
[WhiteElo "2575"]
[BlackElo "2533"]
[PlyCount "51"]
[EventDate "2018.01.23"]
[EventType "swiss"]
[EventRounds "10"]
[EventCountry "GGB"]
[SourceTitle "BritBase"]
[Source "www.saund.co.uk"]
[SourceDate "2018.02.10"]
[SourceVersion "1"]
[SourceVersionDate "2018.02.10"]
[SourceQuality "1"]

1. d4 Nf6 2. c4 e6 3. Nf3 d5 4. Nc3 a6 5. cxd5 exd5 6. Bg5 Be6 7. e3 Nbd7 8.
Bd3 h6 9. Bf4 g5 10. Bg3 Nh5 11. Be5 Ng7 12. e4 Nxe5 13. Nxe5 dxe4 14. Bxe4 c6
15. O-O Bd6 16. Qc2 Qc7 17. Rfe1 O-O-O 18. g3 h5 19. Na4 h4 20. Nc5 hxg3 21.
hxg3 Bxc5 22. Qxc5 Qd6 23. Qa5 Qc7 24. Qc5 Qd6 25. Qa5 Qc7 26. Qc5 1/2-1/2